| 000 | 00436nam a22001337a 4500 | ||
|---|---|---|---|
| 999 |
_c130286 _d130286 |
||
| 008 | 200204b ||||| |||| 00| 0 eng d | ||
| 050 |
_aDA574.E3 _bD296 |
||
| 100 |
_aDe Courcy, Anne _949321 |
||
| 245 |
_aSociety's Queen _bthe life of Edith, Marchioness of Londonderry _cAnne De Courcy |
||
| 260 |
_aLondon _bPhoenix _c1992 |
||
| 300 |
_avi, 392p. ; _c20cm. |
||
| 600 |
_aEdith, Marchioness of Londonderry _949322 |
||
| 942 |
_2lcc _cMONOGRAPH |
||